<?xml version="1.0" encoding="UTF-8"?>
<collection xmlns="http://www.loc.gov/MARC21/slim">
  <record>
    <leader>00000nam  2200000   4500</leader>
    <controlfield tag="001">INLIS000000000018319</controlfield>
    <controlfield tag="005">20240930030454</controlfield>
    <datafield tag="035" ind1="#" ind2="#">
      <subfield code="a">0010-0924000148</subfield>
    </datafield>
    <controlfield tag="007">ta</controlfield>
    <controlfield tag="008">240930################|##########|#|##</controlfield>
    <datafield tag="084" ind1="#" ind2="#">
      <subfield code="a">R 091 PIM I 2023</subfield>
    </datafield>
    <datafield tag="100" ind1=" " ind2="#">
      <subfield code="a">Iman Hidayat</subfield>
    </datafield>
    <datafield tag="245" ind1="1" ind2="#">
      <subfield code="a">Akselerasi Lembaga Riset-Private Sektor Partnership Dalam Riset Hayati dan Lingkungan Melalui Imprint /</subfield>
      <subfield code="c">Iman Hidayat</subfield>
    </datafield>
    <datafield tag="260" ind1="#" ind2="#">
      <subfield code="a">Jakarta :</subfield>
      <subfield code="b">Pusbangkom Pimnas dan Manajerial ASN,</subfield>
      <subfield code="c">2023</subfield>
    </datafield>
    <datafield tag="300" ind1="#" ind2="#">
      <subfield code="a">53 halaman ;</subfield>
      <subfield code="c">30 cm</subfield>
    </datafield>
    <datafield tag="650" ind1="#" ind2="4">
      <subfield code="a">Imprint</subfield>
    </datafield>
    <datafield tag="520" ind1="#" ind2="#">
      <subfield code="a">Melalui Inpres Nomor 1 Tahun 2023 OR Hayati dan Lingkungan BRIN memiliki tigas penting memberikan bantuan teknis dalam bentuk pelatihan dan konsultasi yang berikatan dengan penelitian dan pengembangan di bidang pengelolaan dan pemanfaatan keanekaragaman hayati bagi berbagai stakeholder termasuk sektor swasta. Tujuannya adalah meningkatkan kolaborasi antara lembaga riset dengan sektor swasra sehingga mampu berdaya saing secara global dan terciptanya ekosistem riset dan inovasi yang kuat secara nasional. Manfaat yang diharapkan adalah meningkatkan daya saing industri dan daya saing riset dan inovasi nasional dalam bidang hayati dan lingkungan untuk mendukung ekonomi hijau dan pembangunan berkelanjutan.</subfield>
    </datafield>
    <datafield tag="600" ind1="#" ind2="4">
      <subfield code="a">Akselerasi Lembaga</subfield>
    </datafield>
    <datafield tag="856" ind1="#" ind2="#">
      <subfield code="a">Perpustakaan LAN Pusat</subfield>
    </datafield>
    <datafield tag="990" ind1="#" ind2="#">
      <subfield code="a">24.09.091</subfield>
    </datafield>
  </record>
</collection>
